000 00452nam a2200169Ia 4500
008 090711s9999 xx 000 0 und d
082 _b46817
100 _aबोराडे रा. रं.
245 _aखोळंबा
260 _c1983
300 _a109
600 _aबोराडे रा. रं.
630 _aखोळंबा
700 _aबोराडे रा. रं.
730 _aखोळंबा
942 _cBOOK
999 _c309298
_d309298